000 00333nam a2200157Ia 4500
100 _aMandal/Dinesh P
942 _cBK
366 _f10
654 _astrength of materials
245 _aStength of Materials
260 _bUmesh Publications
_c2004
082 _a620.112
_bMAN
300 _a887
546 _aENGLISH
999 _c29270
_d29270